000 00317nam a2200133Ia 4500
100 _aMachinery yellow back series
942 _cBK
654 _atools
245 _aMachine tool Slides & Sliding Elements No.47
260 _bMachinery Publication & co
_c2001
082 _a621.9
300 _a76
546 _aENGLISH
999 _c26373
_d26373